000 01955nam a2200397 i 4500
001 192057
003 SpMaBN
005 20260311133726.0
008 221102s2016 sp o000 0 spa
017 _aAB 118-2017
_bOficina Depósito Legal Albacete
020 _a978849448901
035 _a(OCoLC)1050736580
040 _aSpMaBN
_bspa
_cSpMaBN
_erdc
080 _a929-054.7(=1.460:44)"19"
100 1 _aPrecioso, Artemio,
_d1891-1945
_993735
_eaut
245 1 0 _aEspañoles en el destierro :
_bla vida en Francia de Santiago Alba, Blasco Ibáñez, Sánchez Guerra, Unamuno, E. Ortega y Gasset, Carlos Esplá, López Ochoa y Manteca, con diálogos, anécdotas, cartas y semblanzas de estos ilustres perseguidos /
_cArtemio Precioso ; [edición y estudio preliminar de Francisco Linares Valcárcel]
250 _a[Edición facsímil]
260 _aAlbacete :
_bInstituto de Estudios Albacetenses "Don Juan Manuel", Excma. Diputación de Albacete,
_c2016
300 _aLXXI, 310 páginas ;
_c18 cm.
490 1 _aSerie II, Clásicos albacetenses
500 _aÍndice
504 _aBibliografía: página LXX.
505 _aContiene: Artemio Precioso y la dictadura de primo de Rivera / Francisco Linares Valcárcel
530 _3Disponible en formato digital
534 _pReproducción facsímil de la edición de:
_cMadrid : Vulcano, 1930
600 1 4 _993735
_aPrecioso, Artemio,
_d1891-1945
650 0 7 _aExiliados españoles.
_912656
700 0 _972359
_aLinares Valcárcel, Francisco
_epbl
710 2 _94884
_aInstituto de Estudios Albacetenses
830 0 _aSerie II, Clásicos albacetenses
_9224480
852 4 _aES-MaACL
_jN-8100
_bR. 153357
_cDEPOJ
_hDonación: Editorial
_9199339
856 4 _uhttp://iealbacetenses.dipualba.es/viewer.vm?id=0000060350
_yBiblioteca Digital de Albacete "Tomás Navarro Tomás"
942 _cMONOGRAFIA
_n0
999 _c192057
_d192057